Patinage Artistique en 20 clics - Statistiques

Statistiques générales
  • Ce quiz a été pris 103 fois
  • Le résultat moyen est 9 sur 20
Statistiques - réponses
Hint Réponse % Correct
Alysa Liu
86%
Ilia Malinin
81%
Surya Bonaly
74%
Mikhail Shaidorov
66%
Yuzuru Hanyu
66%
Nathan Chen
64%
Kevin Aymoz
63%
Tonya Harding
51%
Philippe Candeloro
50%
Nancy Kerrigan
41%
Ioulia Lipnitskaïa
37%
Michelle Kwan
33%
Alexei Yagudin
31%
Carolina Kostner
27%
Brian Joubert
26%
Katarina Witt
24%
Stéphane Lambiel
24%
Evgeni Plushenko
23%
Tara Lipinski
20%
Laëtitia Hubert
11%
Aucun quiz correspondant
Distribution des résultats
% des personnes avec chaque résultat
Percentile par nombre de réponses
Votre historique - résultats
Vous n’avez pas pris ce quiz